The sing-song of old man kangaroo (Record no. 120958)

MARC details
000 -LÍDER
campo de controle de tamanho fixo 00797 a2200217 4500
001 - NÚMERO DE CONTROLE
campo de controle 120958
020 ## - ISBN - INTERNATIONAL STANDARD BOOK NUMBER
ISBN - International Standard Book Number 9781846164125
040 ## - FONTE DA CATALOGAÇÃO
Instituição que transcreveu o registro Escola Canadense de Niteroi
090 ## - NÚMERO DE CHAMADA LOCAL
Número de chamada (OCLC) (R); Número de chamada, CALL (RLIN) (NR) RAY
100 ## - ENTRADA PRINCIPAL--NOME PESSOAL
Nome pessoal Rayner, Shoo
245 10 - TÍTULO
Título The sing-song of old man kangaroo
300 ## - DESCRIÇÃO FÍSICA
Extensão 47 p.
362 0# - DATAS DE PUBLICAÇÃO E/OU DESIGNAÇÃO SEQUENCIAL
Datas de publicação e/ou designação sequencial 2007
490 0# - TÍTULO DA SÉRIE
Título da série Rudyard Kipling's Just So Stories
520 ## - NOTA DE RESUMO, ETC
Resumo, etc. This is a modern re-telling of the classic by Rudyard Kipling, brought to life with appealing illustrations. The Kangaroo wants to be different. He wants to be popular so that other animals will follow him. His wish is granted - but why is Yellow-Dog Dingo chasing him all through the land?
650 #4 - ASSUNTO--TERMO TÓPICO
Cabeçalho tópico ou nome geográfico Differences
650 #4 - ASSUNTO--TERMO TÓPICO
Cabeçalho tópico ou nome geográfico Individuality
650 #4 - ASSUNTO--TERMO TÓPICO
Cabeçalho tópico ou nome geográfico Children's Literature
650 #4 - ASSUNTO--TERMO TÓPICO
Cabeçalho tópico ou nome geográfico Self-acceptance
942 ## - ELEMENTOS DE ENTRADA ADICIONADOS (KOHA)
Tipo de material Koha Livros
Holdings
Situação do descarte Situação das perdas Situação física Não pode ser emprestado Biblioteca de origem Biblioteca atual Data de aquisição Total de empréstimos Número de chamada completo Código de barras Data de último acesso Data do preço efetivo Tipo de material Koha
        Canadian School of Niterói - Piratininga Canadian School of Niterói - Piratininga 09/02/2024   RAY A06013 09/02/2024 09/02/2024 Livros